| 000 | 01056nas a2200301 4500 | ||
|---|---|---|---|
| 001 | BR2011006838 | ||
| 003 | BR-BrBNA | ||
| 005 | 20231205120039.0 | ||
| 007 | ta | ||
| 008 | 230509b bl.|||p| |||| 00| 00por d | ||
| 040 |
_aBR-BrBNA _bpor _cBiblioteca Nacional de Agricultura |
||
| 041 | _a(En) | ||
| 072 | _aH10 | ||
| 100 | 1 | _aSilveira, R.D. | |
| 100 | 1 | _aFaroni, L.R.A. | |
| 100 | 1 | _aGuedes, R.N.C. | |
| 100 | 1 | _aQueiroz, M.E.L.R. | |
| 100 | 1 | _aPimentel, M.A.G. | |
| 245 | 1 | _aBiological activity and persistence of pirimiphos-methyl applied to maize grain at different temperatures | |
| 650 | _aSITOPHYLUS ZEAMAIS | ||
| 650 | _aTRIBOLIUM CASTANEUM | ||
| 650 | _aCONTROLE QUÍMICO | ||
| 650 | _aRESÍDUO | ||
| 773 | 0 |
_tRevista Brasileira de Engenharia Agrícola e Ambiental (Brazil) _xISSN 1807-1929 _g(Nov-Dec 2009), v.13(6) p. 729-733 _wBR2011006838 |
|
| 856 | 4 | 0 | _uhttp://www.scielo.br/scielo.php?script=sci_arttext pid=S1415-43662009000600010 lng=en nrm=iso tlng=pt |
| 909 |
_a202311 _bLúcia _c55 _dLúcia Elande |
||
| 942 |
_2AGRIS _n0 _cANA |
||
| 999 |
_c216822 _d216822 |
||